Partneri pre dlhodobý biznis

Kľúčoví obchodní partneri Slovenska – suroviny, výrobné medziprodukty a komponenty. Rastúci biznis s východnou Áziou. Priemyselné zastúpenie a význam priemyselných podnikov ázijských krajín na Slovensku.

Salvato in:
Dettagli Bibliografici
Autore principale: Jesný, Martin
Natura: Capitolo di libro
Lingua:slovacco
Soggetti:
Tags: Aggiungi Tag
Nessun Tag, puoi essere il primo ad aggiungerne!!

MARC

LEADER 00000naa a2200000 4500
001 0219536
005 20231011124230.9
041 0 |a slo 
044 |a SK 
245 1 0 |a Partneri pre dlhodobý biznis  |c Martin Jesný 
520 |a Kľúčoví obchodní partneri Slovenska – suroviny, výrobné medziprodukty a komponenty. Rastúci biznis s východnou Áziou. Priemyselné zastúpenie a význam priemyselných podnikov ázijských krajín na Slovensku. 
610 2 0 |a Slovensko 
610 2 0 |a východná Ázia 
610 2 0 |a partneri obchodní 
610 2 0 |a obchod zahraničný 
610 2 0 |a podnik priemyselný 
610 2 0 |a kooperácia hospodárska medzinárodná 
100 1 |a Jesný, Martin